|
|
|
|
| LEADER |
00000csc a2200000 a 4500 |
| 001 |
57720 |
| 005 |
20230308213540.0 |
| 008 |
000000|1970 ||||||||r|||||||||||spa|| |
| 040 |
|
|
|b spa
|
| 041 |
1 |
|
|a spa
|
| 082 |
0 |
|
|a 003.5
|
| 100 |
1 |
|
|a Couffignal, Louis
|9 31028
|
| 245 |
|
|
|a La Cibernética
|c Louis Couffignal. Traducción de Francisco Asensio
|h imp
|
| 264 |
|
|
|a Barcelona
|b A. Redondo Editor
|c 1970
|
| 300 |
|
|
|a 148 páginas:
|c 18 cm
|
| 490 |
|
|
|a Colección Beta
|n no. 2
|
| 504 |
|
|
|a incl. ref.
|
| 650 |
|
|
|a Cibernetica
|9 12576
|
| 650 |
|
|
|a Computacion
|9 9953
|
| 650 |
|
|
|a Tecnologia
|9 882
|
| 852 |
|
|
|a UC-CDJBV
|c ESTANTERIA CERRADA
|f Donación
|k lucia.mora
|l 1
|m General
|p 00000000
|r 2
|t 57720
|b 0
|d CDRC
|e CDRC
|g 003.5 ESTANTERIA CERRADA
|z 0000-00-00
|
| 942 |
|
|
|
| 999 |
|
|
|c 125908
|d 125908
|